书目信息 |
| 题名: |
戏剧形体教学理论及训练
|
|
| 作者: | 苏静 著 | |
| 分册: | ||
| 出版信息: | 北京 新华出版社 2021.3 |
|
| 页数: | 195页 | |
| 开本: | 23cm | |
| 丛书名: | ||
| 单 册: | ||
| 中图分类: | J812.2 | |
| 科图分类: | ||
| 主题词: | 戏剧--形体--表演艺术--教学研究 | |
| 电子资源: | ||
| ISBN: | 978-7-5166-5237-4 | |
| 000 | 00780nam0 2200241 45 | |
| 001 | 012001000590 | |
| 005 | 20130909101408.0 | |
| 010 | @a978-7-5166-5237-4@dCNY68.00 | |
| 100 | @a20210129d2021 em y0chiy0110 ea | |
| 101 | 0 | @achi |
| 102 | @aCN@b110000 | |
| 105 | @aa az 000yy | |
| 106 | @ar | |
| 200 | 1 | @a戏剧形体教学理论及训练@Axi ju xing ti jiao xue li lun ji xun lian@f苏静著 |
| 210 | @a北京@c新华出版社@d2021.3 | |
| 215 | @a195页@c图@d23cm | |
| 320 | @a有书目 (第194-195页) | |
| 330 | @a本书内容包括:戏剧形体教学概述,戏剧形体教学的思维方法,戏剧形体基础动作训练,戏剧形体舞台动作技能训练等。 | |
| 606 | 0 | @a戏剧@x形体@x表演艺术@x教学研究 |
| 690 | @aJ812.2@v5 | |
| 701 | 0 | @a苏静@ASu Jing@4著 |
| 801 | @aCN@b江苏凤凰@c20211018 | |
| 905 | @b1340248-51@dJ812.2@e146@f4 | |
| 戏剧形体教学理论及训练/苏静著.-北京:新华出版社,2021.3 |
| 195页:图;23cm |
| ISBN 978-7-5166-5237-4:CNY68.00 |
| 本书内容包括:戏剧形体教学概述,戏剧形体教学的思维方法,戏剧形体基础动作训练,戏剧形体舞台动作技能训练等。 |
| ● |
| 相关链接 |
|
|
|
|
正题名:戏剧形体教学理论及训练
索取号:J812.2/146
 
预约/预借
| 序号 | 登录号 | 条形码 | 馆藏地/架位号 | 状态 | 备注 |
| 1 | 1340248 | 213402487 | 第一样本阅览室/ [索取号:J812.2/146] | 在馆 | |
| 2 | 1340249 | 213402496 | 第一借阅区/ [索取号:J812.2/146] | 在馆 | |
| 3 | 1340250 | 213402502 | 第一借阅区/ [索取号:J812.2/146] | 在馆 | |
| 4 | 1340251 | 213402511 | 第一借阅区/ [索取号:J812.2/146] | 在馆 |